Bulletproof barista / Cleo Coyle.
Available copies
- 2 of 2 copies available at LARL/NWRL Consortium.
Current holds
0 current holds with 2 total copies.
View other formats and editions
Show Only Available Copies
| Location | Call Number / Copy Notes | Barcode | Shelving Location | Status | Due Date |
|---|---|---|---|---|---|
| Barnesville Public Library | LARGE PRINT M COY (Text) | 33500014005938 | Main | Available | - |
| Climax Public Library | LARGE PRINT M COY (Text) | 33500014005920 | Main | Available | - |
Record details
- ISBN: 9798885798600
- Physical Description: 573 pages (large print) ; 23 cm
- Edition: Large print edition.
- Publisher: Farmington Hills : Thorndike Press, a part of Gale, a Cengage Company, 2024.
- Copyright: ©2023
Content descriptions
| General Note: | Includes recipes |
| Summary, etc.: | "When a film crew's location shoot delivers an ... Read More |
Search for related items by subject
| Subject: | Cosi, Clare (Fictitious character) > Fiction. Women detectives > Fiction. Murder > Investigation > Fiction. Coffeehouses > Fiction. Large type books. |
| Genre: | Large type books. Large print books. Detective and mystery fiction. Novels. |
Search for related items by series
| LDR | 03857cam a2200697 i 4500 | ||
|---|---|---|---|
| 001 | 438483 | ||
| 003 | LARL_NWRL_CONSORTIUM | ||
| 005 | 20240528201226.0 | ||
| 008 | 231127t20242023miu d 000 1 eng | ||
| 010 | . | ‡a 2023053934 | |
| 040 | . | ‡aDLC ‡beng ‡erda ‡cDLC ‡dOCLCO ‡dOCLCF ‡dON3 ‡dOCLCO ‡dIUK ‡dKSL ‡dNMS ‡dBKL ‡dZP7 | |
| 020 | . | ‡a9798885798600 ‡q(large print) ‡q(hardcover) | |
| 035 | . | ‡a(OCoLC)1411309650 | |
| 042 | . | ‡apcc | |
| 082 | 0 | 0. | ‡a813/.6 ‡223/eng/20231127 |
| 100 | 1 | . | ‡aCoyle, Cleo, ‡eauthor. ‡0(LARL_NWRL_CONSORTIUM)192314 |
| 245 | 1 | 0. | ‡aBulletproof barista / ‡cCleo Coyle. |
| 250 | . | ‡aLarge print edition. | |
| 264 | 1. | ‡aFarmington Hills : ‡bThorndike Press, a part of Gale, a Cengage Company, ‡c2024. | |
| 264 | 4. | ‡c©2023 | |
| 300 | . | ‡a573 pages (large print) ; ‡c23 cm | |
| 336 | . | ‡atext ‡btxt ‡2rdacontent | |
| 337 | . | ‡aunmediated ‡bn ‡2rdamedia | |
| 338 | . | ‡avolume ‡bnc ‡2rdacarrier | |
| 340 | . | ‡nlarge print (16 point) ‡2rdafs | |
| 490 | 0 | . | ‡aCoffeehouse ; ‡v20 |
| 500 | . | ‡aIncludes recipes | |
| 520 | . | ‡a"When a film crew's location shoot delivers an actual shooting, Clare Cosi finds herself at the scene of a true crime in this showstopping entry in the beloved Coffeehouse Mysteries from New York Times bestselling author Cleo Coyle. Only Murders in Gotham, the smash-hit streaming program, is famous for filming in authentic New York locations and using real New Yorkers as extras. For its second season, they've chosen to spotlight the century-old Village Blend and its quirky crew of baristas. Shop manager and master roaster Clare Cosi is beyond thrilled, especially when her superb bulletproof coffee lands her a craft services contract for the production. Madame, the eccentric octogenarian owner of the landmark shop, reveals an old kinship with the star of the show, comedian Jerry Sullivan. Now a Hollywood legend, Jerry frequented the Blend during his early years performing in Greenwich Village comedy clubs. But the past may hold more than nostalgia for Jerry. Suspicious accidents begin plaguing his shoot. Then a real bullet is fired from a stage gun, and Clare becomes convinced something sinister is afoot. While Jerry's production moves to exciting new locations, Clare keeps the coffee flowing--and her investigation going--even as a murderer lurks in the wings. But can she root out the rotten player in this Big Apple production before the lights go out on her? Includes a stellar menu of surefire recipes!"-- ‡cProvided by publisher. | |
| 650 | 0. | ‡aCosi, Clare (Fictitious character) ‡vFiction. | |
| 650 | 0. | ‡aWomen detectives ‡vFiction. ‡0(LARL_NWRL_CONSORTIUM)167906 | |
| 650 | 0. | ‡aMurder ‡xInvestigation ‡vFiction. ‡0(LARL_NWRL_CONSORTIUM)166203 | |
| 650 | 0. | ‡aCoffeehouses ‡vFiction. ‡0(LARL_NWRL_CONSORTIUM)171527 | |
| 650 | 0. | ‡aLarge type books. ‡0(LARL_NWRL_CONSORTIUM)24284 | |
| 655 | 0. | ‡aLarge type books. | |
| 655 | 7. | ‡aLarge print books. ‡2lcgft | |
| 655 | 7. | ‡aDetective and mystery fiction. ‡2lcgft | |
| 655 | 7. | ‡aNovels. ‡2lcgft | |
| 901 | . | ‡a438483 ‡bAUTOGEN ‡c438483 ‡tbiblio | |

Add to basket
Permalink
Disable Highlighting